Bài tập và bài giải nghiệp vụ ngân hàng thương mại

Sách giới thiệu hệ thống bài tập và các câu hỏi ôn tập về nguồn vốn, qui trình cho vay, các hình thức thanh toán không dùng tiền mặt của ngân hàng thương mại

Na minha lista:
Detalhes bibliográficos
Autor principal: Nguyễn, Minh Kiều
Formato: Livro
Idioma:Undetermined
Publicado em: Hà Nội Tài chính 1999
Assuntos:
Tags: Adicionar Tag
Sem tags, seja o primeiro a adicionar uma tag!
Thư viện lưu trữ: Trung tâm Học liệu Trường Đại học Cần Thơ
LEADER 00841nam a2200205Ia 4500
001 CTU_110370
008 210402s9999 xx 000 0 und d
020 |c 64000 
082 |a 332.12 
082 |b K309 
100 |a Nguyễn, Minh Kiều 
245 0 |a Bài tập và bài giải nghiệp vụ ngân hàng thương mại 
245 0 |c Nguyễn Minh Kiều 
260 |a Hà Nội 
260 |b Tài chính 
260 |c 1999 
520 |a Sách giới thiệu hệ thống bài tập và các câu hỏi ôn tập về nguồn vốn, qui trình cho vay, các hình thức thanh toán không dùng tiền mặt của ngân hàng thương mại 
650 |a Banks and banking,Commercial banks 
904 |i Minh 
980 |a Trung tâm Học liệu Trường Đại học Cần Thơ